| 000 | 008490000a22002170004500 | ||
|---|---|---|---|
| 005 | 20231130153830.0 | ||
| 008 | 230817t1998 ||||| |||| 00| 0 eng d | ||
| 020 | _a187970725X | ||
| 080 |
_a305.42 _bIAC |
||
| 100 | _aIacopino, Vincent | ||
| 110 | _aPhysicians for Human rights | ||
| 245 |
_aThe Taliban's war on women: _ba health and human rights crisis in Afghanistan |
||
| 260 |
_aBoston: _bPhysician for Human Rights, _c1998 |
||
| 300 | _aix, 119 p., [8] p. of plates : ill., 1 map ; 23 cm | ||
| 650 | _aWOMEN'S RIGHTS-Afghanistan | ||
| 650 | _aWomen -- Health and hygiene -- Afghanistan | ||
| 650 | _aSex discrimination against women -- Afghanistan | ||
| 650 | _aWomen -- Afghanistan -- Social conditions -- 20th century | ||
| 856 | _uhttps://www.peacewomen.org/sites/default/files/Health_TalibanWarWomen_PHR_1998_0.pdf | ||
| 942 | _cRP | ||
| 999 |
_c214 _d214 |
||